| 000 | 01044nam a2200289Ia 4500 | ||
|---|---|---|---|
| 001 | dia_6100 | ||
| 003 | CHAP | ||
| 005 | 20251021160549.0 | ||
| 008 | 220117s2014 xx 000 0 und d | ||
| 010 | _a177254 | ||
| 020 | _a978-607-9350-03-1 | ||
| 040 | _cCHAP | ||
| 082 | _aC 630.972 M495 2014 | ||
| 110 |
_aMéxico. SAGARPA. _bServicio de Información Agroalimentaria y Pesca _9160651 |
||
| 245 |
_aAtlas agroalimentario México 2014 / _c SAGARPA, Servicio de Información Agroalimentaria y Pesca |
||
| 260 |
_aMéxico : _b SIAP. SAGARPA, _c2014 |
||
| 300 | _a193 h. | ||
| 503 | _aD. | ||
| 504 | _aIncluye bibliografías | ||
| 590 | _aC HD9014.M6 M49 2014 | ||
| 651 | 0 |
_aMéxico _xAgricultura _vAtlas _9160652 |
|
| 710 |
_aServicio de Información Agroalimentaria y Pesca (SIAP) \ Secretaría de Agricultura, Ganadería, Desarollo Rural, Pesca y Alimentación (SAGARPA) _9160653 |
||
| 901 | _aC 630.972 M495 2014 | ||
| 902 | _aM | ||
| 905 | _a5232272014 MX DBM 8225123322SPA16 | ||
| 942 |
_cLIBRO _2ddc |
||
| 999 |
_c177254 _d177254 |
||